|
|
|
|
| LEADER |
00672cam a2200169ua 4500 |
| 020 |
|
|
|a 81-7130-182-7
|
| 082 |
|
|
|a M 894.812 2
|b CHA/P
|
| 100 |
0 |
|
|a ചന്ദ്രശേഖരൻ നായർ, വൈക്കം
|
| 245 |
1 |
0 |
|a പ്രാചീന നാടകത്തിലൂടെ ഒരു പര്യടനം
|
| 260 |
|
|
|a Kottayam
|b Current Books
|c 1992
|
| 300 |
|
|
|a 152p.
|
| 650 |
|
|
|a Malayalam literature
|
| 650 |
0 |
|
|a Malayalam drama- Study
|
| 650 |
0 |
|
|a Pracheena nadakathiloode oru paryadanam
|
| 942 |
|
|
|c BK
|
| 999 |
|
|
|c 964
|d 964
|
| 952 |
|
|
|0 0
|1 0
|4 0
|6 M_894_812000000000000_2_CHAP
|7 0
|9 1010
|a KUCL
|b KUCL
|d 2014-05-23
|l 8
|o M 894.812 2 CHA/P
|p 04077
|r 2016-12-07
|s 2016-11-08
|y BK
|